Prvky efektívnosti podniku cestovného ruchu
Identifikovanie prvkov efektívnosti v podniku cestovného ruchu. Porovnanie ekonomickej efektívnosti dosahovanej vo vybraných krajinách OECD. Porovnanie produktivity práce vyjadrenej ako podiel objemu pridanej hodnoty vytvorenej v konkrétnej kategórii činnosti. Určenie prvkov efektívnosti podniku ces...
Salvato in:
| Autore principale: | |
|---|---|
| Natura: | Capitolo di libro |
| Lingua: | slovacco |
| Soggetti: | |
| Tags: |
Nessun Tag, puoi essere il primo ad aggiungerne!!
|
MARC
| LEADER | 00000naa$a2200000$$$4500 | ||
|---|---|---|---|
| 001 | 0012090 | ||
| 005 | 20240502071357.5 | ||
| 041 | 0 | |a slo | |
| 044 | |a SK | ||
| 245 | 1 | 0 | |a Prvky efektívnosti podniku cestovného ruchu |c aut. Viera Kubičková |
| 520 | |a Identifikovanie prvkov efektívnosti v podniku cestovného ruchu. Porovnanie ekonomickej efektívnosti dosahovanej vo vybraných krajinách OECD. Porovnanie produktivity práce vyjadrenej ako podiel objemu pridanej hodnoty vytvorenej v konkrétnej kategórii činnosti. Určenie prvkov efektívnosti podniku cestovného ruchu. | ||
| 610 | 2 | 0 | |a podnik ruchu cestovného |
| 610 | 2 | 0 | |a konkurencieschopnosť |
| 610 | 2 | 0 | |a efektívnosť ekonomická |
| 610 | 2 | 0 | |a produktivita práce |
| 610 | 2 | 0 | |a hodnota pridaná |
| 610 | 2 | 0 | |a porovnanie medzinárodné |
| 610 | 2 | 0 | |a Slovensko |
| 610 | 2 | 0 | |a OECD |
| 100 | 1 | |a Kubičková, Viera, 1970- | |